Les municipalités de la MRC des Sources en Estrie - Statistiques

Statistiques générales
  • Ce quiz a été pris 20 fois
  • Le résultat moyen est 5 sur 7
Statistiques - réponses
Population (hab) Désignation Municipalité % Correct
3 848 V Danville
100%
6 994 M Val-des-Sources
100%
242 M Ham-Sud
75%
548 CT Saint-Camille
75%
549 M Saint-Adrien
50%
876 V Saint-Georges-de-Windsor
50%
1 406 M Wotton
50%
Aucun quiz correspondant
Distribution des résultats
% des personnes avec chaque résultat
Percentile par nombre de réponses
Votre historique - résultats
Vous n’avez pas pris ce quiz